|
|
|
|
| LEADER |
01781nam a2200409Ia 4500 |
| 001 |
EBC170264 |
| 003 |
MiAaPQ |
| 005 |
20200520144314.0 |
| 006 |
m o d | |
| 007 |
cr cn||||||||| |
| 008 |
990728s2000 enka sb 001 0 eng d |
| 010 |
|
|
|z 99041898
|
| 020 |
|
|
|z 020347483X
|
| 020 |
|
|
|z 0419189602 (pbk.)
|
| 035 |
|
|
|a (MiAaPQ)EBC170264
|
| 035 |
|
|
|a (Au-PeEL)EBL170264
|
| 035 |
|
|
|a (CaPaEBR)ebr10054075
|
| 035 |
|
|
|a (CaONFJC)MIL40481
|
| 035 |
|
|
|a (OCoLC)50683503
|
| 040 |
|
|
|a MiAaPQ
|c MiAaPQ
|d MiAaPQ
|
| 050 |
|
4 |
|a GV181.3
|b .G73 2000
|
| 100 |
1 |
|
|a Gratton, Chris,
|d 1948-
|
| 245 |
1 |
0 |
|a Economics of sport and recreation
|h [electronic resource] /
|c Chris Gratton and Peter Taylor.
|
| 260 |
|
|
|a London ;
|a New York :
|b E & FN Spon,
|c 2000.
|
| 300 |
|
|
|a vi, 234 p. :
|b ill.
|
| 500 |
|
|
|a Rev. ed. of: Sports and recreation. 1985.
|
| 500 |
|
|
|a This book started out as a second edition of our Sport and recreation: an economic analysis ... however this book contains very little of the earlier book. The change in title ... is a recognition that this is essentially a new book, although it will replace the 1985 edition--Pref.
|
| 504 |
|
|
|a Includes bibliographical references (p. [223]-231) and index.
|
| 533 |
|
|
|a Electronic reproduction. Ann Arbor, MI : ProQuest, 2015. Available via World Wide Web. Access may be limited to ProQuest affiliated libraries.
|
| 650 |
|
0 |
|a Leisure
|x Economic aspects.
|
| 650 |
|
0 |
|a Recreation
|x Economic aspects.
|
| 650 |
|
0 |
|a Sports
|x Economic aspects.
|
| 655 |
|
4 |
|a Electronic books.
|
| 700 |
1 |
|
|a Taylor, Peter,
|d 1949-
|
| 700 |
1 |
|
|a Gratton, Chris,
|d 1948-
|t Sports and recreation.
|
| 710 |
2 |
|
|a ProQuest (Firm)
|
| 856 |
4 |
0 |
|u https://ebookcentral.proquest.com/lib/matrademy/detail.action?docID=170264
|z Click to View
|